004240000a2200121000450024500730000030000120007350000450008504100140013004400130014410000330015726000210019077300910021110aDinámica cuaternaria de la vegetación de la zona alta noroandina a7-10 p. a0 aEspañol aColombia1 aHammen, Thomas van der rEd. aMedellínc19861 tAnales del IV Congreso Latinoamericano de Botánica, 29 de junio a 5 de julio de 1986